| 000 | 01056nam a22003257a 4500 | ||
|---|---|---|---|
| 003 | CHAP | ||
| 005 | 20220817042656.0 | ||
| 008 | 971013s1979 r 00010 d | ||
| 010 | _a51847 | ||
| 011 | _a52819 | ||
| 035 | _a56969 | ||
| 040 | _cCHAP | ||
| 090 | _aFolleto 5747 | ||
| 100 | 0 | 0 |
_aRomagoza Vila, José Antonio. _999470 |
| 245 | _aOrujos de vinificación en la alimentación de rumiantes | ||
| 260 |
_aMadrid : _bMinisterio de Agricultura, _c1979 |
||
| 300 |
_a15 p. _b: ilus. |
||
| 490 |
_aHojas divulgadoras _v; 9-79 |
||
| 590 |
_aBATCH-UPD _b10 _c20130110 _lUCH01 _h0942 |
||
| 590 |
_aBATCH-UPD _b10 _c20130410 _lUCH01 _h0558 |
||
| 590 |
_aBATCH-UPD _b10 _c20130914 _lUCH01 _h1903 |
||
| 590 |
_aCONVERSION _b10 _c20130109 _lUCH01 _h1328 |
||
| 650 | 1 | 4 |
_aAlimentos y alimentacion del ganado. _94326 |
| 650 | 1 | 4 |
_aUva _xSubproductos. _9117142 |
| 830 | 0 |
_aHojas divulgadoras _v; 9-79 |
|
| 901 | _aBK | ||
| 942 | _cFOLL | ||
| 949 |
_aFolleto 5747 _bBC _cFOLL _d569691 _eTS1 _i56969 _sb |
||
| 949 |
_aFolleto 5747 _bBC _cFOLL _d569692 _eTS2 _fc.2 _i56969 _sb |
||
| 999 |
_c51847 _d51847 |
||